000 00782nam a22002537a 4500
001 000622
003 DO-SdBNP
005 20180212110311.0
007 000622
008 161031b 1996 sp a ||||| |||| 00| 0 spa d
020 _a0673758710
040 _aBPMSU
_bspa
_cBPMSU
082 _axxxx
_bxxxx
100 1 _aHardin, Suzanne
245 1 0 _aContando de dos en dos /
_cescrito por Suzanne Hardilustrado ilustrado por Melissa Bay Mathis.
260 _aGlenview, IL :
_bCelebration Press,
_c1996.
300 _a16 p. :
_bil. ;
_c18 cm.
490 1 _aPequeñitas celebraciones.
700 1 2 _aBay Mathis, Melissa,
_eil.
830 0 _aPequeñitas celebraciones
942 _2ddc
_cBK
945 _ainventariado, 2018 / dg
956 _2LOPEREZ
_310
_620161031
_8BPMSU
_a00041
999 _c11731
_d11731